Vizualizácia FESTO linky v prostredí InTouch OMI

Saved in:
Bibliographic Details
Main Author: Nemček, Branislav (Author)
Other Authors: Važan, Pavel (Thesis advisor)
Format: Manuscript Book
Language:Slovak
Published: 2022
Subjects:
Online Access:http://is.stuba.sk/zp/portal_zp.pl?podrobnosti=164160
Tags: Add Tag
No Tags, Be the first to tag this record!

MARC

LEADER 00000ntm a22000003a 4500
001 stuzp88638
003 SK-STU
005 20220611211335.2
007 ta
008 150427s2015----xo-----f-mn---000-0-slo-d
040 |a STU  |b slo 
041 0 |a slo 
100 1 |a Nemček, Branislav  |u 066000  |k Z4  |4 aut  |U MTF Materiálovotechnologická fakulta  |T MTF Ústav aplikovanej informatiky, automatizácie a mechatroniky  |X 86894  |U M6000  |Y 86  |7 86894 
242 0 1 |a Visualization of FESTO line in frame In Touch OMI  |y eng 
245 1 0 |a Vizualizácia FESTO linky v prostredí InTouch OMI 
260 |c 2022 
650 4 |a ISA-101  |2 slo 
650 4 |a Human-Machine Interface  |2 slo 
650 4 |a In Touch OMI  |2 slo 
650 4 |a SCADA obrazovky  |2 slo 
650 4 |a Wonderware  |2 slo 
650 4 |a vizualizácia linky Festo AFB  |2 slo 
650 4 |a SCADA display  |2 eng 
650 4 |a ISA-101  |2 eng 
650 4 |a Human-Machine Interface  |2 eng 
650 4 |a visualization production line Festo AFB  |2 eng 
650 4 |a In Touch OMI  |2 eng 
650 4 |a Wonderware  |2 eng 
700 1 |a Važan, Pavel  |u 066000  |k Z1  |4 ths  |U MTF Materiálovotechnologická fakulta  |T MTF Ústav aplikovanej informatiky, automatizácie a mechatroniky  |X 323  |U M6000  |Y 86  |7 A000000323 
856 4 |u http://is.stuba.sk/zp/portal_zp.pl?podrobnosti=164160 
996 |c M* DP-14985  |l MMSKP  |s P  |a 0  |w stuzp88638_0001